000 00801nam a2200241Ia 4500
003 OSt
005 20260625102017.0
008 210716s2020 xx 000 0 und d
020 _a9788126566624
040 _cAIMIT LIBRARY
041 _aeng
082 _a658.4063
_21
_bSRIR
100 _aSrinivasan, R.
_9265970
245 _aWiley innovation black book :
_benterprise 4.0 /
_cBy R Srinivasan and Rishikesha Krishnan.
250 _a1st ed.
260 _aNew Delhi :
_bWiley India Pvt Ltd ,
_c2020.
300 _a430p. ;
_bHB
_c22.3 cm.
650 _aDigital strategy and business transformation
_9265971
650 _aDigital functional value chains
_9265972
650 _aGlobal capability centers
_9265973
700 _aKrishnan, Rishikesha.
_9265974
942 _2ddc
_cBK
_e1st
_k658.4063 SRIR
999 _c197201
_d197201